000 00540nam a2200193Ia 4500
003 GCL
008 140319s9999 xx 000 0 ara d
040 _aGCL /
_cGCL
082 0 4 _a499.9431
_bح ك
100 1 _aحمدى الطاهرى
245 1 0 _aكلمات عربية فى اللغة التركية /
_cحمدى الطاهرى
260 _a[S.N] :
_bلا يوجد
300 _a262 ص
490 _a
650 0 4 _aاللغة العربية
650 0 4 _aالمعاجم
650 0 4 _aاللغة التركية
942 _2ddc
_cBK
999 _c36720
_d36720